Central Library OPAC University of Rajshahi

Applied physics / (Record no. 51329)

MARC details
000 -LEADER
fixed length control field 00700nac a2200229 a 4500
001 - CONTROL NUMBER
control field 51329
003 - CONTROL NUMBER IDENTIFIER
rucl marc code BD-RjUL
005 - DATE AND TIME OF LATEST TRANSACTION
control field 20211209075637.0
008 - FIXED-LENGTH DATA ELEMENTS--GENERAL INFORMATION
fixed length control field 160925r1957 gw mx pss 0 0eng c
035 ## - SYSTEM CONTROL NUMBER
System control number BD-RjUL51449
040 ## - CATALOGING SOURCE
Original cataloging agency PIT
Language of cataloging eng
Transcribing agency PIT
Modifying agency OH1
-- OCL
-- OCLCQ
-- TWT
-- GUA
-- OCLCQ
-- MUQ
-- OCL
-- OCLCQ
-- UKMGB
-- OCLCQ
-- OCLCO
-- BUF
-- OCLCF
-- OCLCO
-- VT2
-- OCLCQ
-- WaSeSS
041 ## - LANGUAGE CODE
Language code of text/sound track or separate title eng
082 04 - DEWEY DECIMAL CLASSIFICATION NUMBER
Classification number 621
Author mark and year DAA 1957
100 ## - MAIN ENTRY--PERSONAL NAME
Personal name Darvell, W.G.
9 (RLIN) 157495
245 10 - TITLE STATEMENT
Title Applied physics /
Statement of responsibility, etc. W.G. Darvell
260 ## - PUBLICATION, DISTRIBUTION, ETC. (IMPRINT)
Place of publication, distribution, etc. London :
Name of publisher, distributor, etc. Springer-Verlag Heidelberg,
Date of publication, distribution, etc. 1957
300 ## - PHYSICAL DESCRIPTION
Pagination V. ;
Size 23 cm.
505 0# - FORMATTED CONTENTS NOTE
Formatted contents note vol 1 -- vol 2 --
650 #0 - SUBJECT ADDED ENTRY--TOPICAL TERM
Topical term or geographic name as entry element Applied physics
9 (RLIN) 157496
942 ## - ADDED ENTRY ELEMENTS (KOHA)
Source of classification or shelving scheme Dewey Decimal Classification
Koha item type Books
Holdings
Lost status Source of classification or shelving scheme Damaged status Not for loan Collection code Permanent Location Current Location Shelving location Date acquired Source of acquisition Total Checkouts Full call number Date last seen Copy number Koha item type
  Dewey Decimal Classification     Non-fiction Central Library, University of Rajshahi Central Library, University of Rajshahi   29/11/1958 Registration Office   621 DAA V-2 1957 25/09/2016 C-2 Books
  Dewey Decimal Classification     Non-fiction Central Library, University of Rajshahi Central Library, University of Rajshahi   29/11/1958 Registration Office   621 DAA V-1 1957 25/09/2016 C-2 Books